[Event "Nakhchivan Sunday IM 3rd"]
[Site "Nakhchivan"]
[Date "2022.03.22"]
[Round "4"]
[White "Gaprindashvili, Valeriane"]
[Black "Gasimov, Parviz"]
[Result "1/2-1/2"]
[WhiteElo "2358"]
[BlackElo "2377"]
[PlyCount "31"]
[EventDate "2022.03.20"]
[EventType "tourn"]
[EventRounds "9"]
[EventCountry "AZE"]
[EventCategory "1"]
[SourceTitle "CBM 207 Extra"]
[Source "ChessBase"]
[SourceDate "2022.05.31"]
[SourceVersion "1"]
[SourceVersionDate "2022.05.31"]
[SourceQuality "1"]

1. d4 d5 2. c4 e6 3. Nc3 Nf6 4. Bg5 Be7 5. e3 Nbd7 6. Nf3 0-0 7. Rc1 h6 8. Bh4 c5 9. dxc5 dxc4 10. Bxc4 Nxc5 11. 0-0 b6 12. Qe2 Bb7 13. Rfd1 Qc8 14. Bg3 Rd8 15. Nd4 a6 16. b4 1/2-1/2

[Event "Nakhchivan Sunday IM 3rd"]
[Site "Nakhchivan"]
[Date "2022.03.21"]
[Round "3"]
[White "Atakishiyev, Elmar"]
[Black "Gaprindashvili, Valeriane"]
[Result "1/2-1/2"]
[WhiteElo "2215"]
[BlackElo "2358"]
[PlyCount "29"]
[EventDate "2022.03.20"]
[EventType "tourn"]
[EventRounds "9"]
[EventCountry "AZE"]
[EventCategory "1"]
[SourceTitle "CBM 207 Extra"]
[Source "ChessBase"]
[SourceDate "2022.05.31"]
[SourceVersion "1"]
[SourceVersionDate "2022.05.31"]
[SourceQuality "1"]

1. e4 e6 2. d4 d5 3. exd5 exd5 4. Nf3 Nf6 5. Bd3 Bd6 6. 0-0 0-0 7. Re1 Bg4 8. h3 Bh5 9. c3 c6 10. Bg5 Nbd7 11. Nbd2 Qc7 12. Qc2 Rfe8 13. Rxe8+ Rxe8 14. Re1 Rxe1+ 15. Nxe1 1/2-1/2

[Event "Nakhchivan Sunday IM 2nd"]
[Site "Nakhchivan"]
[Date "2022.03.13"]
[Round "1"]
[White "Khalesi, Vahid"]
[Black "Gaprindashvili, Valeriane"]
[Result "1/2-1/2"]
[WhiteElo "2302"]
[BlackElo "2358"]
[PlyCount "31"]
[EventDate "2022.03.13"]
[EventType "tourn"]
[EventRounds "9"]
[EventCountry "AZE"]
[EventCategory "1"]
[SourceTitle "CBM 207 Extra"]
[Source "ChessBase"]
[SourceDate "2022.05.31"]
[SourceVersion "1"]
[SourceVersionDate "2022.05.31"]
[SourceQuality "1"]

1. e4 e6 2. d4 d5 3. exd5 exd5 4. Bd3 Bd6 5. Nf3 Ne7 6. 0-0 0-0 7. Re1 Bf5 8. Bg5 f6 9. Bh4 Nbc6 10. c3 Qd7 11. Bxf5 Nxf5 12. Qb3 Nxh4 13. Nxh4 Ne7 14. Nd2 c6 15. Re2 Kh8 16. Nf1 1/2-1/2

[Event "Badalona op 45th"]
[Site "Badalona"]
[Date "2019.08.05"]
[Round "4"]
[White "Oliva Castaneda, Kevel"]
[Black "Gaprindashvili, Valeriane"]
[Result "1-0"]
[WhiteElo "2204"]
[BlackElo "2368"]
[PlyCount "65"]
[EventDate "2019.08.02"]
[EventType "swiss"]
[EventRounds "9"]
[EventCountry "ESP"]
[SourceTitle "EXT 2021"]
[Source "ChessBase"]
[SourceDate "2020.10.23"]
[SourceVersion "1"]
[SourceVersionDate "2020.10.23"]
[SourceQuality "1"]

1. d4 Nf6 2. c4 e6 3. g3 d5 4. Nf3 dxc4 5. Bg2 c5 6. 0-0 Nc6 7. dxc5 Qxd1 8. Rxd1 Bxc5 9. Nbd2 c3 10. bxc3 Bd7 11. Rb1 0-0-0 12. Ne1 Be7 13. Nd3 Nd5 14. Bb2 f6 15. Nb3 Kc7 16. Bxd5 exd5 17. Nf4 h5 18. Nxd5+ Kc8 19. Nxe7+ Nxe7 20. Ba3 Rde8 21. f3 h4 22. Na5 b6 23. Nc4 Nf5 24. g4 Rxe2 25. gxf5 Rh5 26. Rb2 Rg5+ 27. Kf1 Rxb2 28. Nd6+ Kc7 29. Bxb2 h3 30. Rd2 Rg2 31. Ne4 Bb5+ 32. Ke1 Rg1+ 33. Kf2 1-0

[Event "Sitges op 45th"]
[Site "Sitges"]
[Date "2019.07.30"]
[Round "9"]
[White "Beltran Rueda, Santiago"]
[Black "Gaprindashvili, Valeriane"]
[Result "0-1"]
[WhiteElo "2326"]
[BlackElo "2368"]
[PlyCount "84"]
[EventDate "2019.07.22"]
[EventType "swiss"]
[EventRounds "9"]
[EventCountry "ESP"]
[SourceTitle "CBM 191 Extra"]
[Source "ChessBase"]
[SourceDate "2019.09.30"]
[SourceVersion "1"]
[SourceVersionDate "2019.09.30"]
[SourceQuality "1"]

1. c4 e6 2. Nf3 Nf6 3. g3 d5 4. d4 dxc4 5. Qa4+ Bd7 6. Qxc4 Bc6 7. Bg2 Nbd7 8. 0-0 Bd5 9. Qd3 Be4 10. Qd1 c5 11. Nc3 Bc6 12. Bg5 Be7 13. dxc5 Nxc5 14. Bh3 Nce4 15. Nxe4 Bxe4 16. Ne5 Qa5 17. Bxf6 Rd8 18. Qb3 Bxf6 19. Nc4 Qh5 20. Bg2 Bxg2 21. Kxg2 b5 22. Na5 Qxe2 23. Nc6 Qe4+ 24. Qf3 Qxf3+ 25. Kxf3 Rd7 26. a4 b4 27. Nxb4 Bxb2 28. Rab1 Bf6 29. Rfd1 Rc7 30. Na6 Rc3+ 31. Kg2 0-0 32. Rb7 Rc4 33. Nb8 Rfc8 34. a5 h5 35. Rdd7 Ra4 36. a6 Bd4 37. Rb5 Rc2 38. Rd8+ Kh7 39. Rxh5+ Kg6 40. Rh4 Rxf2+ 41. Kh3 Raa2 42. Rhxd4 f5 0-1

[Event "Sitges op 45th"]
[Site "Sitges"]
[Date "2019.07.27"]
[Round "6"]
[White "Gaprindashvili, Valeriane"]
[Black "Argote Heredia, Valentina"]
[Result "1-0"]
[WhiteElo "2368"]
[BlackElo "2140"]
[PlyCount "125"]
[EventDate "2019.07.22"]
[EventType "swiss"]
[EventRounds "9"]
[EventCountry "ESP"]
[SourceTitle "CBM 191 Extra"]
[Source "ChessBase"]
[SourceDate "2019.09.30"]
[SourceVersion "1"]
[SourceVersionDate "2019.09.30"]
[SourceQuality "1"]

1. d4 Nf6 2. c4 e6 3. Nc3 Bb4 4. e3 b6 5. Nge2 Bb7 6. a3 Be7 7. d5 exd5 8. cxd5 0-0 9. e4 a5 10. Ng3 Re8 11. Be2 Bc5 12. Rb1 c6 13. d6 b5 14. b4 Bb6 15. 0-0 axb4 16. axb4 c5 17. bxc5 Bxc5 18. Rxb5 Qc8 19. Na4 Ba7 20. e5 Ne4 21. Nxe4 Bxe4 22. Nb6 Bxb6 23. Rxb6 Nc6 24. Bb2 Rb8 25. Rxb8 Qxb8 26. Qa1 Nb4 27. Bc3 Nd5 28. Bd2 Qb7 29. f3 Qb6+ 30. Kh1 Bg6 31. Bc4 Ne3 32. Bxe3 Qxe3 33. f4 Qc5 34. Qa2 Rf8 35. Bd5 Bf5 36. Qc4 Qxc4 37. Bxc4 Rc8 38. Bd5 h5 39. h4 Rc2 40. Ra1 g6 41. Ra8+ Kg7 42. Re8 Rd2 43. Bb7 Rd4 44. g3 Rd3 45. Kg2 Rd2+ 46. Kg1 Rd3 47. Kf2 Rd2+ 48. Ke1 Rd3 49. Re7 Rxg3 50. Bd5 Be6 51. Bxe6 dxe6 52. Ra7 Rd3 53. Ke2 Rd5 54. Rc7 Kf8 55. Rc8+ Kg7 56. Rc3 Kf8 57. Rd3 Ke8 58. Rxd5 exd5 59. Ke3 Kd7 60. Kd3 Ke6 61. Kd4 f6 62. Kc5 fxe5 63. Kc6 1-0

[Event "Barcelona Sant Marti op 21st"]
[Site "Barcelona"]
[Date "2019.07.19"]
[Round "7"]
[White "Marzo Pie, Xavier"]
[Black "Gaprindashvili, Valeriane"]
[Result "0-1"]
[WhiteElo "2202"]
[BlackElo "2368"]
[PlyCount "76"]
[EventDate "2019.07.13"]
[EventType "swiss"]
[EventRounds "9"]
[EventCountry "ESP"]
[SourceTitle "EXT 2020"]
[Source "ChessBase"]
[SourceDate "2019.10.17"]
[SourceVersion "1"]
[SourceVersionDate "2019.10.17"]
[SourceQuality "1"]

1. d4 Nf6 2. c4 e6 3. Nc3 Bb4 4. Qc2 c5 5. dxc5 Na6 6. a3 Bxc3+ 7. Qxc3 Nxc5 8. f3 d6 9. e4 e5 10. Be3 Qc7 11. Ne2 Be6 12. Qc2 a6 13. Nc3 Ncd7 14. Rc1 Rc8 15. Bd3 0-0 16. 0-0 Bxc4 17. Nd5 Nxd5 18. exd5 Qb8 19. Bxc4 b5 20. Qf5 bxc4 21. Qxd7 Rfd8 22. Qg4 Qxb2 23. Bg5 h5 24. Qxh5 Re8 25. Qg4 Qd4+ 26. Rf2 c3 27. Qe4 f5 28. Qxf5 Qxd5 29. Qe4 Qb3 30. Rb1 Qf7 31. Rd1 Rc4 32. Qd5 Qxd5 33. Rxd5 Rd4 34. Ra5 Rd1+ 35. Rf1 c2 36. Rxa6 Rb8 37. Rc6 Rbb1 38. Bc1 Rbxc1 0-1

[Event "Barcelona Sant Marti op 21st"]
[Site "Barcelona"]
[Date "2019.07.17"]
[Round "5"]
[White "Snehal, Bohosale"]
[Black "Gaprindashvili, Valeriane"]
[Result "1/2-1/2"]
[WhiteElo "2080"]
[BlackElo "2368"]
[PlyCount "69"]
[EventDate "2019.07.13"]
[EventType "swiss"]
[EventRounds "9"]
[EventCountry "ESP"]
[SourceTitle "EXT 2020"]
[Source "ChessBase"]
[SourceDate "2019.10.17"]
[SourceVersion "1"]
[SourceVersionDate "2019.10.17"]
[SourceQuality "1"]

1. d4 d5 2. c4 c6 3. Nc3 Nf6 4. Nf3 e6 5. e3 Nbd7 6. Bd3 Be7 7. e4 dxe4 8. Nxe4 Nxe4 9. Bxe4 Nf6 10. Bc2 c5 11. 0-0 cxd4 12. Nxd4 0-0 13. Be3 Bd7 14. Qf3 Qc7 15. Rac1 Rfd8 16. Rfd1 a6 17. Qh3 g6 18. Bg5 e5 19. Qh4 exd4 20. Bxf6 Bxf6 21. Qxf6 Be6 22. Rxd4 Rxd4 23. Qxd4 Qxc4 24. Qxc4 Bxc4 25. Be4 Bxa2 26. Bxb7 Ra7 27. Bc8 a5 28. f4 Bd5 29. Kf2 Ra8 30. Bd7 Kg7 31. Rc5 Be4 32. Ba4 Rb8 33. b3 Bf5 34. Rxa5 Be6 35. Rb5 1/2-1/2

[Event "Baku Summer IM"]
[Site "Baku"]
[Date "2019.07.09"]
[Round "9.2"]
[White "Gaprindashvili, Valeriane"]
[Black "Afshari, Mohammadparsa"]
[Result "1-0"]
[WhiteElo "2368"]
[BlackElo "1615"]
[PlyCount "73"]
[EventDate "2019.07.03"]
[EventType "team-schev"]
[EventRounds "9"]
[EventCountry "AZE"]
[SourceTitle "EXT 2020"]
[Source "ChessBase"]
[SourceDate "2019.10.17"]
[SourceVersion "1"]
[SourceVersionDate "2019.10.17"]
[SourceQuality "1"]
[WhiteTeam "Experts"]
[BlackTeam "Shatranj"]
[WhiteTeamCountry "AZE"]
[BlackTeamCountry "AZE"]

1. d4 d5 2. c4 e6 3. Nc3 Nf6 4. Bg5 Be7 5. Nf3 Nbd7 6. e3 0-0 7. Rc1 b6 8. cxd5 exd5 9. Bd3 Bb7 10. 0-0 Ne4 11. Bxe7 Qxe7 12. Qc2 c5 13. Qe2 Rfd8 14. Rfd1 Rac8 15. Ba6 Ndf6 16. dxc5 bxc5 17. h3 Nxc3 18. Rxc3 Rd6 19. Bxb7 Qxb7 20. b3 Ne4 21. Rc2 Qb4 22. Rdc1 a5 23. Ne1 Rdc6 24. Nd3 Qb5 25. Nb2 Qb4 26. Qg4 Qb7 27. Nd3 Rg6 28. Qf3 Ng5 29. Qf5 Ne4 30. Nxc5 Nxc5 31. Rxc5 Rf8 32. Qxd5 Qb4 33. Rc8 h6 34. Rxf8+ Qxf8 35. Qxa5 Qd6 36. Rc8+ Kh7 37. Qd8 1-0

[Event "Baku Summer IM"]
[Site "Baku"]
[Date "2019.07.03"]
[Round "1.2"]
[White "Gaprindashvili, Valeriane"]
[Black "Zeynalov, Rashad"]
[Result "1-0"]
[WhiteElo "2368"]
[BlackElo "2250"]
[PlyCount "45"]
[EventDate "2019.07.03"]
[EventType "team-schev"]
[EventRounds "9"]
[EventCountry "AZE"]
[SourceTitle "CBM 191 Extra"]
[Source "ChessBase"]
[SourceDate "2019.09.30"]
[SourceVersion "1"]
[SourceVersionDate "2019.09.30"]
[SourceQuality "1"]
[WhiteTeam "Experts"]
[BlackTeam "Good friends"]
[WhiteTeamCountry "AZE"]
[BlackTeamCountry "AZE"]

1. d4 f5 2. e4 fxe4 3. Nc3 Nf6 4. Bg5 Nc6 5. d5 Ne5 6. Qe2 c6 7. 0-0-0 Qa5 8. f4 Nf7 9. Bxf6 exf6 10. Qxe4+ Kd8 11. dxc6 bxc6 12. Qxc6 Rb8 13. Bb5 Rb7 14. Nge2 Bb4 15. Rd4 Rc7 16. Qe6 Nd6 17. Rxd6 Re8 18. Qd5 Bxd6 19. Qxd6 a6 20. Ba4 Bb7 21. Rd1 Re7 22. Nd4 Qh5 23. Bxd7 1-0

[Event "Lienz op 20th"]
[Site "Lienz"]
[Date "2019.02.13"]
[Round "6"]
[White "Prusikin, Michael"]
[Black "Gaprindashvili, Valeriane"]
[Result "1-0"]
[WhiteElo "2517"]
[BlackElo "2387"]
[PlyCount "77"]
[EventDate "2019.02.09"]
[EventType "swiss"]
[EventRounds "9"]
[EventCountry "AUT"]
[SourceTitle "CBM 188 Extra"]
[Source "ChessBase"]
[SourceDate "2019.02.26"]
[SourceVersion "1"]
[SourceVersionDate "2019.02.26"]
[SourceQuality "1"]

1. e4 d5 2. exd5 Nf6 3. d4 Nxd5 4. Nf3 g6 5. c4 Nb6 6. Nc3 Bg7 7. c5 Nd5 8. Bc4 c6 9. Qb3 0-0 10. 0-0 Nxc3 11. bxc3 b6 12. Ng5 e6 13. Ne4 Ba6 14. Bxa6 Nxa6 15. Qa4 Qd5 16. Re1 Nc7 17. Bf4 Nb5 18. Rad1 Qf5 19. Bd6 Rfd8 20. Qa6 bxc5 21. Bxc5 Qd5 22. a4 Nc7 23. Qe2 Qd7 24. Bd6 Ne8 25. Be5 Qd5 26. c4 Qa5 27. Bxg7 Nxg7 28. Nf6+ Kh8 29. Ng4 Nf5 30. d5 cxd5 31. Qe5+ Ng7 32. Nf6 Rac8 33. cxd5 exd5 34. h4 Re8 35. Nxe8 Rxe8 36. Qa1 Kg8 37. Rxe8+ Nxe8 38. Qe5 Qxa4 39. Re1 1-0

[Event "Lienz op 20th"]
[Site "Lienz"]
[Date "2019.02.11"]
[Round "4"]
[White "Khairallah, Faisal"]
[Black "Gaprindashvili, Valeriane"]
[Result "0-1"]
[WhiteElo "2274"]
[BlackElo "2387"]
[PlyCount "84"]
[EventDate "2019.02.09"]
[EventType "swiss"]
[EventRounds "9"]
[EventCountry "AUT"]
[SourceTitle "CBM 188 Extra"]
[Source "ChessBase"]
[SourceDate "2019.02.26"]
[SourceVersion "1"]
[SourceVersionDate "2019.02.26"]
[SourceQuality "1"]

1. Nf3 Nf6 2. c4 e6 3. g3 a6 4. Bg2 b5 5. b3 c5 6. 0-0 Bb7 7. Nc3 Qb6 8. Re1 Be7 9. e4 d6 10. d4 Nc6 11. d5 Nd4 12. dxe6 fxe6 13. e5 dxe5 14. Rxe5 Bxf3 15. Bxf3 Rd8 16. Be3 0-0 17. Bxd4 cxd4 18. Ne4 Nd7 19. Rh5 g6 20. Rh3 Ne5 21. Bg2 d3 22. cxb5 axb5 23. Qd2 Qd4 24. Rc1 Nf3+ 25. Bxf3 Rxf3 26. Qh6 Rf7 27. Qe3 Qxe3 28. fxe3 Rf3 29. Rc7 Bf8 30. Kg2 Rf7 31. Rc1 Bg7 32. Rh4 b4 33. Rd1 Ra7 34. Nf2 Rxa2 35. Rxb4 Bh6 36. Re4 Rf8 37. Rf1 Re2 38. Rf4 Bxf4 39. exf4 d2 40. Rd1 Rd8 41. Kf3 Re1 42. b4 e5 0-1

[Event "Baku Jafarov Memorial"]
[Site "Baku"]
[Date "2018.01.04"]
[Round "1"]
[White "Gaprindashvili, Valeriane"]
[Black "Ghesmati, Aryan"]
[Result "1-0"]
[WhiteElo "2374"]
[BlackElo "1958"]
[PlyCount "85"]
[EventDate "2018.01.04"]
[EventType "swiss"]
[EventRounds "9"]
[EventCountry "AZE"]
[SourceTitle "CBM 182 Extra"]
[Source "ChessBase"]
[SourceDate "2018.02.23"]
[SourceVersion "1"]
[SourceVersionDate "2018.02.23"]
[SourceQuality "1"]

1. d4 d5 2. c4 e6 3. Nf3 Nf6 4. e3 Nbd7 5. Nbd2 c6 6. Bd3 Bd6 7. 0-0 0-0 8. e4 dxe4 9. Nxe4 Nxe4 10. Bxe4 f5 11. Bc2 e5 12. c5 Be7 13. Nxe5 Nxe5 14. dxe5 Qxd1 15. Rxd1 Be6 16. b4 a5 17. Bd2 axb4 18. Bxb4 b6 19. a4 bxc5 20. Bc3 c4 21. Rab1 Ra7 22. Rb6 Rc8 23. Rdb1 Rcc7 24. Bd4 c5 25. Bc3 Kf7 26. a5 Bd8 27. Kf1 Rd7 28. R6b5 Be7 29. Ke2 g6 30. Rb8 Bd8 31. R1b5 Bc7 32. R8b7 Rxb7 33. Rxb7 Bd5 34. Ra7 Re7 35. f3 Ke8 36. Ke3 Kd8 37. g4 fxg4 38. fxg4 Kc8 39. Be4 Bxe4 40. Kxe4 Rd7 41. a6 Rd3 42. Ra8+ Bb8 43. a7 1-0

[Event "Arco op-A 39th"]
[Site "Arco"]
[Date "2017.10.14"]
[Round "8"]
[White "Okhotnik, Vladimir"]
[Black "Gaprindashvili, Valeriane"]
[Result "1/2-1/2"]
[WhiteElo "2432"]
[BlackElo "2352"]
[PlyCount "91"]
[EventDate "2017.10.07"]
[EventType "swiss"]
[EventRounds "9"]
[EventCountry "ITA"]
[SourceTitle "CBM 181 Extra"]
[Source "ChessBase"]
[SourceDate "2017.12.12"]
[SourceVersion "1"]
[SourceVersionDate "2017.12.12"]
[SourceQuality "1"]

1. e4 e6 2. d4 d5 3. Nc3 dxe4 4. Nxe4 Nd7 5. Nf3 Ngf6 6. Nxf6+ Nxf6 7. c3 Bd6 8. Be3 Nd5 9. Bd3 Nxe3 10. fxe3 Qe7 11. 0-0 e5 12. Qc2 Bg4 13. Rae1 Bxf3 14. Rxf3 exd4 15. cxd4 0-0-0 16. Qf2 f6 17. Rf5 g6 18. Rxf6 Rhf8 19. Rf3 c5 20. Kh1 Rxf3 21. gxf3 Bc7 22. Be4 cxd4 23. exd4 Qd6 24. d5 Kb8 25. Re2 g5 26. a3 h5 27. Rc2 Qe5 28. Qc5 Bd6 29. Qc3 Qf4 30. Qd2 Qf6 31. Qc3 Qf4 32. Qd2 Qf6 33. Qc3 Qf7 34. Qd3 Rf8 35. Bg6 Qf4 36. Qe4 Qxf3+ 37. Qxf3 Rxf3 38. Bxh5 Rd3 39. Bg4 a5 40. Be6 Bf4 41. h3 Rd1+ 42. Kg2 Rd2+ 43. Rxd2 Bxd2 44. b3 Kc7 45. Kf3 Kd6 46. Kg4 1/2-1/2

[Event "Arco op-A 39th"]
[Site "Arco"]
[Date "2017.10.11"]
[Round "5"]
[White "Horvath, Csaba"]
[Black "Gaprindashvili, Valeriane"]
[Result "1/2-1/2"]
[WhiteElo "2507"]
[BlackElo "2352"]
[PlyCount "29"]
[EventDate "2017.10.07"]
[EventType "swiss"]
[EventRounds "9"]
[EventCountry "ITA"]
[SourceTitle "CBM 181 Extra"]
[Source "ChessBase"]
[SourceDate "2017.12.12"]
[SourceVersion "1"]
[SourceVersionDate "2017.12.12"]
[SourceQuality "1"]

1. d4 Nf6 2. c4 e6 3. Nf3 b6 4. g3 Ba6 5. b3 b5 6. cxb5 Bxb5 7. Bg2 Bb4+ 8. Bd2 a5 9. 0-0 d5 10. Nc3 Ba6 11. a3 Be7 12. Re1 0-0 13. Ne5 Nfd7 14. Nxd7 Nxd7 15. e4 1/2-1/2

[Event "Arco op-A 39th"]
[Site "Arco"]
[Date "2017.10.09"]
[Round "3"]
[White "Lezzerini, Marco"]
[Black "Gaprindashvili, Valeriane"]
[Result "0-1"]
[WhiteElo "2142"]
[BlackElo "2352"]
[PlyCount "76"]
[EventDate "2017.10.07"]
[EventType "swiss"]
[EventRounds "9"]
[EventCountry "ITA"]
[SourceTitle "CBM 181 Extra"]
[Source "ChessBase"]
[SourceDate "2017.12.12"]
[SourceVersion "1"]
[SourceVersionDate "2017.12.12"]
[SourceQuality "1"]

1. d4 Nf6 2. c4 b6 3. Nf3 e6 4. g3 Ba6 5. Qc2 Bb7 6. Bg2 c5 7. 0-0 cxd4 8. Nxd4 Bxg2 9. Kxg2 Qc8 10. Nd2 Nc6 11. N2f3 Nxd4 12. Nxd4 Bc5 13. Nb3 Qc6+ 14. Kg1 Rc8 15. Qd3 0-0 16. Bf4 d5 17. cxd5 Nxd5 18. Bd2 Be7 19. Nd4 Qc4 20. Qxc4 Rxc4 21. e3 Bf6 22. Rfc1 Rxc1+ 23. Rxc1 Bxd4 24. exd4 f6 25. Kf1 Kf7 26. Ke2 g5 27. h3 h5 28. a4 Ke7 29. Kd3 Kd7 30. Rc2 h4 31. gxh4 gxh4 32. f3 Rg8 33. Be1 Rg1 34. Ke2 Rg2+ 35. Kd3 Nf4+ 36. Kc3 Rg3 37. Rh2 Rxf3+ 38. Kc2 Rg3 0-1

[Event "Tbilisi Georgian Cup"]
[Site "Tbilisi"]
[Date "2016.12.20"]
[Round "7"]
[White "Gaprindashvili, Valeriane"]
[Black "Kacharava, Nikoloz"]
[Result "0-1"]
[WhiteElo "2377"]
[BlackElo "2030"]
[PlyCount "106"]
[EventDate "2016.12.13"]
[EventType "swiss"]
[EventRounds "9"]
[EventCountry "GEO"]
[SourceTitle "CBM 176 Extra"]
[Source "ChessBase"]
[SourceDate "2017.03.02"]
[SourceVersion "1"]
[SourceVersionDate "2017.03.02"]
[SourceQuality "1"]

1. d4 d6 2. e4 Nf6 3. Nc3 e5 4. dxe5 dxe5 5. Qxd8+ Kxd8 6. Bd2 Be6 7. 0-0-0 Nbd7 8. Be2 h6 9. g3 c6 10. f4 g6 11. Nf3 b5 12. Nxe5 Nxe5 13. Nxb5 cxb5 14. Bc3+ Kc8 15. Bxe5 Be7 16. Bxb5 Kb7 17. f5 a6 18. fxe6 axb5 19. Rhf1 Rxa2 20. b3 fxe6 21. Kb1 Rha8 22. Rxf6 Bxf6 23. Bxf6 Kc8 24. Rf1 b4 25. Bb2 R2a6 26. Rf8+ Kd7 27. Rf7+ Kc8 28. Rf8+ Kd7 29. Rf7+ Kc8 30. e5 R8a7 31. Rf8+ Kd7 32. Rf6 Rc7 33. Rxg6 Rac6 34. Rxh6 Rxc2 35. Rh7+ Ke8 36. Rh4 Re2 37. Rxb4 Rxh2 38. Rb8+ Kd7 39. Ba3 Rc3 40. g4 Re3 41. Bc1 Rxe5 42. g5 Rg2 43. Rb4 Re1 44. g6 Rxg6 45. Kc2 e5 46. Bd2 Rh1 47. Be3 Rh2+ 48. Kc3 Rh3 49. Kd3 Rgg3 50. Re4 Ke6 51. b4 Kd5 52. b5 Rh1 53. b6 Rd1+ 0-1